00925cam a22002531 4500001001300000003000400013005001700017008004100034010001700075035001800092040001800110050001500128100001800143245009500161260004100256300001700297650007400314650007400388651004900462651004700511651004900558651004700607999001700654w 07000132 DLC20260227112805.0720216s1907 xx 000 0 eng  aw 07000132  a(OCoLC)243185 aDLCcOYUdDLC00aPR166b.D31 aDale, Edmund.10aNational life and character in the mirror of early English literature;cby Edmund Dale ... aCambridge,bUniversity press,c1907. axiii, 337 p. 0aEnglish literatureyOld English, ca. 450-1100xHistory and criticism. 0aEnglish literatureyMiddle English, 1100-1500xHistory and criticism. 0aEnglandxSocial life and customsy1066-1485. 0aEnglandxSocial life and customsyTo 1066. 0aGreat BritainxIntellectual lifey1066-1485. 0aGreat BritainxIntellectual lifeyTo 1066. c91813d91813